| Tag |
First Indicator |
Second Indicator |
Subfields |
| LEADER |
00000cam a2200000 i 4500 |
| 001 |
in00005612921 |
| 006 |
m o d |
| 007 |
cr cnu---unuuu |
| 008 |
220808t20222022enka o 000 0 eng d |
| 005 |
20250113201303.4 |
| 035 |
|
|
|a (OCoLC)on1339098932
|
| 040 |
|
|
|a OPELS
|b eng
|e rda
|e pn
|c OPELS
|d UKAHL
|d OCLCQ
|d VRC
|d AU@
|d OCLCF
|d OCLCO
|d OCLCL
|
| 019 |
|
|
|a 1379020836
|
| 020 |
|
|
|z 9780323854351
|
| 020 |
|
|
|z 0323854354
|
| 020 |
|
|
|a 0323855741
|
| 020 |
|
|
|a 9780323855747
|
| 035 |
|
|
|a (OCoLC)1339098932
|z (OCoLC)1379020836
|
| 050 |
|
4 |
|a TS198.F55
|b M67 2022eb
|
| 082 |
0 |
4 |
|a 688.8
|2 23
|
| 049 |
|
|
|a TXAM
|
| 100 |
1 |
|
|a Morris, Barry,
|e author.
|1 https://isni.org/isni/0000000082380182
|
| 245 |
1 |
4 |
|a The science and technology of flexible packaging :
|b multilayer films from resin and process to end use /
|c Barry A. Morris.
|
| 250 |
|
|
|a Second edition.
|
| 264 |
|
1 |
|a Kidlington :
|b William Andrew,
|c 2022.
|
| 264 |
|
1 |
|a Oxford, United Kingdom ;
|a Cambridge, MA :
|b Elsevier Limited :
|b William Andrew,
|c [2022]
|
| 264 |
|
4 |
|c ©2022
|
| 300 |
|
|
|a 1 online resource :
|b illustrations (black and white, and color).
|
| 336 |
|
|
|a text
|b txt
|2 rdacontent
|
| 337 |
|
|
|a computer
|b c
|2 rdamedia
|
| 338 |
|
|
|a online resource
|b cr
|2 rdacarrier
|
| 490 |
1 |
|
|a Plastics design library (PDL) handbook series
|
| 500 |
|
|
|a Previous edition: Amsterdam: Elsevier, 2017.
|
| 588 |
0 |
|
|a Print version record.
|
| 650 |
|
0 |
|a Packaging
|x Materials.
|
| 650 |
|
6 |
|a Conditionnement (Emballage)
|x Matériaux.
|
| 650 |
|
7 |
|a Packaging
|x Materials
|2 fast
|
| 655 |
|
7 |
|a Electronic books.
|2 local
|
| 710 |
2 |
|
|a Knovel (Firm)
|
| 758 |
|
|
|i has work:
|a The science and technology of flexible packaging (Text)
|1 https://id.oclc.org/worldcat/entity/E39PD3F4FkMrK7KF6bMwVYQQMd
|4 https://id.oclc.org/worldcat/ontology/hasWork
|
| 776 |
0 |
8 |
|i Print version:
|a Morris, Barry.
|t Science and technology of flexible packaging.
|b Second edition.
|d Norwich : William Andrew, 2022
|z 9780323854351
|w (OCoLC)1328023827
|
| 830 |
|
0 |
|a PDL handbook series.
|
| 856 |
4 |
0 |
|u http://proxy.library.tamu.edu/login?url=https://app.knovel.com/hotlink/toc/id:kpTSTFPMF3/science-and-technology?kpromoter=marc
|z Connect to the full text of this electronic book
|t 0
|
| 955 |
|
|
|a Knovel ebooks
|
| 994 |
|
|
|a 92
|b TXA
|
| 999 |
f |
f |
|s 2129b9c7-3b6c-4a40-945f-465ef8a77460
|i 76ce2657-2435-4565-99ce-0d7fcec9e5d9
|t 0
|
| 952 |
f |
f |
|a Texas A&M University
|b College Station
|c Electronic Resources
|d Available Online
|t 0
|e TS198.F55 M67 2022eb
|h Library of Congress classification
|
| 998 |
f |
f |
|a TS198.F55 M67 2022eb
|t 0
|l Available Online
|